| 000 | 00663nam a22002297a 4500 | ||
|---|---|---|---|
| 005 | 20170124105931.0 | ||
| 010 | _aA-953006 | ||
| 020 |
_c100.00 _a8170144612 |
||
| 035 | _aA-953006 | ||
| 037 | _bCen Lib/Ret | ||
| 040 |
_aDPL _bEN |
||
| 082 | _a332.406 | ||
| 100 |
_aSundharam,K.P.M. _96786 |
||
| 245 |
_aMonetary theory and practice : _cby K.P.M.Sundharam _bfor callb examination / |
||
| 260 |
_aNew Delhi _bSultan chand & sons _c1996 |
||
| 270 |
_a23,Darya Ganj _bNew Delhi _e110002 |
||
| 300 |
_a473p. _c20cm(Hb) |
||
| 650 |
_aMoney _98173 |
||
| 650 |
_aBanks and banking _98174 |
||
| 700 | _97837 | ||
| 942 |
_2ddc _cEN _h332.406 _mSUN |
||
| 999 |
_c123829 _d123829 |
||